Philosophy India: (Record no. 154190)

MARC details
000 -LEADER
fixed length control field 00612nam a22001817a 4500
005 - DATE AND TIME OF LATEST TRANSACTION
control field 20180717151101.0
010 ## - LCCN (DPL NO)
LC control number ENG-123487
020 ## - INTERNATIONAL STANDARD BOOK NUMBER
International Standard Book Number 9788183822749
Terms of availability 250.00
035 ## - SYSTEM CONTROL NUMBER
System control number EN-107019
037 ## - SOURCE OF ACQUISITION
Source of stock number/acquisition DBAD/PUB.
082 ## - DEWEY DECIMAL CLASSIFICATION NUMBER
Classification number 181.4
100 ## - MAIN ENTRY--PERSONAL NAME
Personal name Muller, F. Max
245 ## - TITLE STATEMENT
Title Philosophy India:
Statement of responsibility, etc by F. Max Muller
Remainder of title the six systms of indian philosophy /
260 ## - PUBLICATION, DISTRIBUTION, ETC. (IMPRINT)
Place of publication, distribution, etc New Delhi
Name of publisher, distributor, etc Lotus Press Publishers
Date of publication, distribution, etc 2011
270 ## - ADDRESS
Address Unit No. 220, Second Floor, 4735/22, Parkash Deep Building, Ansari Road, Daryaganj,
City New Delhi
Postal code 110002
300 ## - PHYSICAL DESCRIPTION
Extent 270p.
Dimensions 21cm(pbk)
942 ## - ADDED ENTRY ELEMENTS (KOHA)
Source of classification or shelving scheme Dewey Decimal Classification
Item type English Books
Call number suffix MUL
Classification part 181.4
Holdings
Withdrawn status Lost status Not for loan Collection code Home library Current library Date acquired Source of acquisition Cost, normal purchase price Full call number Barcode Copy number Cost, replacement price Koha item type
    Not For Loan Non-fiction D.B.Act.Division Bawana 17/07/2018 DBAD/PUB 250.00 181.4 MUL EN-107019 1 250.00 English Books

© Delhi Public Library
Hit Counter
free hit counter